00430nam a22001457a 450000500170000000800410001704100130005808200160007110000130008724500630010025000190016326000510018230000250023365000260025820240830121844.0240830b |||||||| |||| 00| 0 eng d aEnglish  a340.03 BEL  lEnglish  aBell's South African Legal Dictionary / cA. Milne et al.  aThird Edition  aDurban: bButterworth and Company Ltd, c1951  b894 pages; c25 cm.  aLegal practice bLaw